| 000 | 00908cam a2200229 4500 | ||
|---|---|---|---|
| 001 | WS118730 | ||
| 008 | 020705n 000 0 eng u | ||
| 035 | _a(Sirsi) u118730 | ||
| 245 | _aTrading Standards.net | ||
| 520 | _aWeb site which describes itself as 'the longest running provider of trading standards and consumer protection related advice and information'. Includes details of relevant legislation and pages on consumer safety. | ||
| 650 | _aTRADING STANDARDS | ||
| 650 | _aTRADE DESCRIPTIONS ACT 1968 | ||
| 650 | _aCONSUMER PROTECTION ACT 1987 | ||
| 650 | _aWEIGHTS AND MEASURES ACT 1985 | ||
| 650 | _aMETRICATION | ||
| 650 | _aCONSUMER PROTECTION | ||
| 650 | _aEUROPEAN DIRECTIVES | ||
| 650 | _aQUALITY STANDARDS | ||
| 690 | _aMANAGEMENT-BUSINESS MANAGEMENT | ||
| 856 | 4 | 0 |
_uhttps://www.tradingstandards.net _zView the website free of charge at www.tradingstandards.net... |
| 942 | _n0 | ||
| 999 |
_c120078 _d120078 |
||